Sage handbook of human geography (Record no. 8386)

MARC details
000 -LEADER
fixed length control field 00401nam a2200145Ia 4500
020 ## - INTERNATIONAL STANDARD BOOK NUMBER
ISBN 9780857022486
082 ## - DEWEY DECIMAL CLASSIFICATION NUMBER
Classification number RR304.23 SAG;
245 #0 - TITLE STATEMENT
Title Sage handbook of human geography
260 ## - PUBLICATION, DISTRIBUTION, ETC. (IMPRINT)
Place of publication Los Angeles
Name of publisher Sage Reference
Year of publication 2014
500 ## - GENERAL NOTE
General note contents: 2 Vols. Vol. 1. (xxviii, 419p.) - v.2.(vii, 420-804p.)
650 ## - SUBJECT ADDED ENTRY--TOPICAL TERM
Topical Term HUMAN GEOGRAPHY
650 ## - SUBJECT ADDED ENTRY--TOPICAL TERM
Topical Term HUMAN ECOLOGY
700 ## - ADDED ENTRY--PERSONAL NAME
Personal name Lee, Roger
942 ## - ADDED ENTRY ELEMENTS (KOHA)
Koha item type Books
Holdings
Withdrawn status Lost status Damaged status Not for loan Home library Current library Date acquired Source of acquisition Bill Date Full call number Accession Number Price effective from Koha item type
        NASSDOC Library NASSDOC Library 15/12/2014 RKB 2014-11-19 RR304.23 SAG; 48530 18/04/2019 Books
        NASSDOC Library NASSDOC Library 15/12/2014 RKB 2014-11-19 RR304.23 SAG; 48531 18/04/2019 Books